The acts of the Christian martyrs

Salvato in:  
Dettagli Bibliografici
Altri autori: Musurillo, Herbert A. 1917-1974 (Altro)
Tipo di documento: Stampa Libro
Lingua:Inglese
Greco antico
Latino
Servizio "Subito": Ordinare ora.
Verificare la disponibilità: HBZ Gateway
Interlibrary Loan:Interlibrary Loan for the Fachinformationsdienste (Specialized Information Services in Germany)
Pubblicazione: Oxford Clarendon Press 1972
In:Anno: 1972
Recensioni:[Rezension von: Musurillo, Herbert, The Acts of the Christian Martyrs] (1972) (Grant, Robert McQueen, 1917 - 2014)
[Rezension von: Musurillo, Herbert, The Acts of the Christian Martyrs] (1974) (Swift, Louis J.)
REVIEWS (1973) (Millar, Fergus)
Periodico/Rivista:Oxford early Christian texts
(sequenze di) soggetti normati:B Cristianesimo delle origini / Martire / Persecuzione dei cristiani
Altre parole chiave:B Indice
B Martyrs
B Martire / Martirio
B Patristica
B Antichità classica
B Early Church
B Rome
B Urkirche
B martyrs / martyrdom
B Roma
B Antiquity
B patrology
B Persecution History Early church, ca. 30-600

MARC

LEADER 00000cam a2200000 c 4500
001 183576047
003 DE-627
005 20251222203459.0
007 tu
008 950419s1972 xxk||||| 00| ||eng c
016 7 |a B7203591  |2 UK 
020 |a 0198268068  |c  : £6.00  |9 0-19-826806-8 
035 |a (DE-627)183576047 
035 |a (DE-599)GBV183576047 
040 |a DE-627  |b ger  |c DE-627  |e rakwb 
041 |a eng  |a grc  |a lat 
044 |c XA-GB 
050 0 |a BR1603.A1 
082 0 |a 272/.1/0922 
082 0 |a B 
084 |a 1  |2 ssgn 
084 |a 11.51  |2 bkl 
245 0 4 |a The acts of the Christian martyrs  |c introd., texts and transl. by Herbert Musurillo 
264 1 |a Oxford  |b Clarendon Press  |c 1972 
300 |a LXXIII, 379 S  |c 8° 
336 |a Text  |b txt  |2 rdacontent 
337 |a ohne Hilfsmittel zu benutzen  |b n  |2 rdamedia 
338 |a Band  |b nc  |2 rdacarrier 
490 0 |a Oxford early Christian texts 
500 |a Literaturangaben 
546 |a Griech. u. Lat. Texte mit engl. Übers 
583 1 |a Massenentsäuerung nicht möglich  |c 2019  |k DE-18  |2 pdager  |5 DE-18-161 
583 1 |a Archivierung prüfen  |c 20240324  |f DE-4165  |z 2  |2 pdager 
650 4 |a Urkirche 
650 4 |a Patristik 
650 4 |a Märtyrer/Martyrium 
650 4 |a Antike 
650 4 |a Rom 
650 4 |a Register 
650 4 |a Early Church 
650 4 |a patrology 
650 4 |a martyrs/martyrdom 
650 4 |a Antiquity 
650 4 |a Rome 
650 4 |a Index 
653 0 |a Martyrs 
653 0 |a Persecution  |a History  |a Early church, ca. 30-600 
689 0 0 |d s  |0 (DE-588)4129954-1  |0 (DE-627)104161795  |0 (DE-576)209614838  |2 gnd  |a Frühchristentum 
689 0 1 |d s  |0 (DE-588)4036915-8  |0 (DE-627)106240145  |0 (DE-576)209021233  |2 gnd  |a Märtyrer 
689 0 2 |d s  |0 (DE-588)4010076-5  |0 (DE-627)106359924  |0 (DE-576)208885803  |2 gnd  |a Christenverfolgung 
689 0 |5 (DE-627) 
700 1 |0 (DE-588)133408922  |0 (DE-627)545630312  |0 (DE-576)299827879  |4 oth  |a Musurillo, Herbert A.  |d 1917-1974 
787 0 8 |i Rezensiert in  |a Grant, Robert McQueen, 1917 - 2014  |t [Rezension von: Musurillo, Herbert, The Acts of the Christian Martyrs]  |d 1972  |w (DE-627)1797241443 
787 0 8 |i Rezensiert in  |a Swift, Louis J.  |t [Rezension von: Musurillo, Herbert, The Acts of the Christian Martyrs]  |d 1974  |w (DE-627)1784316296 
787 0 8 |i Rezensiert in  |a Millar, Fergus  |t REVIEWS  |d 1973  |w (DE-627)1783818026 
936 b k |a 11.51  |j Frühes Christentum  |0 (DE-627)106419641 
951 |a BO 
ELC |b 1 
ORI |a SA-MARC-ixtheo_oa001.raw 
STA 0 0 |a Christian persecution,Christian Persecution,Christianity,Persecution of Christians,Classical antiquity,Classical antiquity,Antiquity,Civilization, Greco-Roman,Civilization, Classical, in art,Civilization, Greco-Roman, in literature,Civilization, Ancient, in literature,Early Christianity (motif),Church,Early Christianity,Early church,Index,Index,Registers,Records,Martyr,Martyr,Christian martyr,Martyrs in art,Patristics,Vatican Palace,Rome,Rome,Capella Redemptoris Mater 
STB 0 0 |a Antiquité,Antiquité,Christianisme primitif (motif),Christianisme primitif,Paléochristianisme,Paléochristianisme,Église,Index,Indexicalité,Index,Registre,Registre,Registres,Archives,Martyrs,Martyrs,Patristique,Persécution des chrétiens,Persécution des chrétiens,Rome 
STC 0 0 |a Antigüedad,Antigüedad,Cristianismo primitivo,Mártir,Mártir,Patrística,Persecución de cristianos,Persecución de cristianos,Registro,Roma,Índice 
STD 0 0 |a Antichità classica,Antichità classica,Cristianesimo delle origini,Indice,Martire,Martire,Patristica,Persecuzione dei cristiani,Persecuzione dei cristiani,Roma 
STE 0 0 |a 古典时代,古典时代,古典时期,古典时期,基督徒的迫害,教父学,古基督教著作研究,早期基督教,殉教者,烈士,殉道者,罗马 
STF 0 0 |a 古典時代,古典時代,古典時期,古典時期,基督徒的迫害,教父學,古基督教著作研究,早期基督教,殉教者,烈士,殉道者,羅馬 
STG 0 0 |a Antiguidade,Antiguidade,Cristianismo primitivo,Mártir,Mártir,Patrística,Perseguição de cristãos,Perseguição de cristãos,Registro,Roma,Índice 
STH 0 0 |a Античность (мотив),Античность,Гонение христиан (мотив),Гонение христиан,Индекс,Патристика,Раннее христианство,Регистр,Ром (мотив),Святой мученик (мотив),Святой мученик 
STI 0 0 |a Αρχαιότητα (μοτίβο),Αρχαιότητα,Δείκτης,Διώξεις των Χριστιανών (μοτίβο),Διώξεις των Χριστιανών,Ευρετήριο,Μάρτυρας (μοτίβο),Μάρτυρας,Πατρολογία,Πρώιμος Χριστιανισμός,Ρώμη (μοτίβο) 
SYE 0 0 |a Patrologie , Klassisches Altertum , Roma,Città di Roma,Comune di Roma,Rim,Rym,Luoma,Senatus Populusque Romanus,SPQR,Roma Capitale,Rzym,Rome,Roma,Řím,Città di Roma,Comune di Roma , Registerrecht,Index , Indexikalisches Zeichen,Indexikalität 
SYG 0 0 |a Alte Kirche,Frühkirche , Blutzeuge,Christlicher Märtyrer,Martyrer , Christ,Christ,Kirchenverfolgung 
TIM |a 100000300101_100006001231  |b Frühchristentum 30-600